Loading...
| History - American History | 2 | 6 | 1 | 3 | 85 | 21 | 78.50 | 5 | 8 |
| History - World History | 5 | 1 | 1 | 0 | 80 | 29 | 54.33 | 4 | 6 |
| Literature - British Literature | 2 | 2 | 0 | 0 | 50 | 35 | 67.00 | 4 | 4 |
| History - European History | 2 | 2 | 2 | 0 | 40 | 48 | 75.00 | 2 | 4 |
| Literature - American Literature | 2 | 0 | 0 | 0 | 30 | 27 | 27.00 | 2 | 2 |
| Beliefs | 1 | 1 | 0 | 0 | 25 | 50 | 69.50 | 1 | 2 |
| History - Other History | 0 | 3 | 1 | 0 | 25 | 80 | 86.33 | 1 | 3 |
| Philosophy | 1 | 1 | 0 | 0 | 25 | 73 | 94.00 | 0 | 2 |
| Social Science | 1 | 1 | 2 | 0 | 15 | 76 | 79.50 | 2 | 2 |
| Current Events | 1 | 0 | 0 | 0 | 15 | 47 | 47.00 | 1 | 1 |
| Literature - European Literature | 1 | 0 | 0 | 0 | 15 | 32 | 32.00 | 1 | 1 |
| Other Academic | 1 | 0 | 0 | 0 | 15 | 51 | 51.00 | 1 | 1 |
| Geography | 0 | 1 | 0 | 1 | 10 | 121 | 121.00 | 0 | 1 |
| Fine Arts - Other Arts | 0 | 1 | 0 | 1 | 10 | 130 | 130.00 | 0 | 1 |
| Visual Arts | 1 | 0 | 1 | 0 | 10 | 80 | 80.00 | 0 | 1 |
| History - Ancient History | 0 | 1 | 0 | 1 | 10 | 125 | 125.00 | 0 | 1 |